| 000 | 00614nam a2200205 4500 | ||
|---|---|---|---|
| 999 |
_c6970 _d6970 |
||
| 020 | _a9781844807321 | ||
| 050 |
_aQA76.9.D26 _b.R54 |
||
| 100 | _aRob, Peter | ||
| 245 |
_aDatabase systems: design, implementation and management / _cRob, Peter; Coronel, Carlos; Morris, Steven; Rob, Peter |
||
| 250 | _aInternational edition | ||
| 260 |
_aHampshire, UK _bCengage Learning _c2008 |
||
| 300 |
_a808p. _bill. |
||
| 500 | _aIncludes index | ||
| 650 | _aDatabase design. | ||
| 650 | _aDatabase management. | ||
| 650 | _aDatabase security. | ||
| 700 | _aCoronel, Carlos | ||
| 710 | _aCrockett, Keeley | ||
| 942 | _cBK | ||